| 000 | 00849nam a22001577a 4500 | ||
|---|---|---|---|
| 003 | OSt | ||
| 005 | 20151216151230.0 | ||
| 008 | 151216b xxu||||| |||| 00| 0 eng d | ||
| 040 | _cRUA | ||
| 082 | _aAED SOE 2004 B217 Or.1 | ||
| 100 |
_94944 _aSOEU CHANTHAN; ស៊ឺ ចាន់ថន |
||
| 245 | _aCredit efficiency of prasac credit association on people livelihood in peam ro commune, peam ro district, prey veng province, ប្រសិទ្ធភាពឥណទានរបស់សមាគមន៍ឥណទានប្រាសាក់ ទៅលើមុខរបរចិញ្ចឹមជីវិតរបស់ប្រជាជន ឃុំពាមរក៍ ស្រុកពាមរក៍៦ ខេត្តព្រៃវែង. | ||
| 260 |
_aPhnom Penh _bRUA _c2004 |
||
| 300 |
_axi; 52p. _bill. _c29cm. |
||
| 942 |
_2ddc _cAED |
||
| 999 |
_c4593 _d4593 |
||